000 00682nam a2200217Ia 4500
008 131103s9999 xx 000 0 und d
040 _aLoreto College
041 _aEnglish
082 _a942.06/TRE
_bLCLIB/15733;28801,27435
100 _aTrevelyan,George Macaulay
245 _aEngland under the Stuarts
_cGeorge Macaulay Trevelyan
250 _a21st ed.
260 _aLondon
_bMethuen & Co.
_c1949 (1957 printing)
300 _axiii,466 p.
_b ill.,maps
_c 21 cm.
440 _aA History Of England
504 _aAcc. no 27435 is published by Surjeet Publication
650 _aPeriod Of Stuart
651 _aEngland - History,1603 - 1714
850 _aLCLIB
942 _cBK
999 _c8405
_d58884